Catálogo público

Evaluación de la ruta crítica en la cadena productiva de pollo para engorda en GRUPESA - Chiapas / (Record no. 169692)

MARC details
000 -CABECERA
campo de control de longitud fija 01261nam a2200337Ia 4500
001 - NÚMERO DE CONTROL
campo de control Z_6435
003 - IDENTIFICADOR DEL NÚMERO DE CONTROL
campo de control CHAP
005 - FECHA Y HORA DE LA ÚLTIMA TRANSACCIÓN
campo de control 20231114172006.0
008 - DATOS DE LONGITUD FIJA--INFORMACIÓN GENERAL
campo de control de longitud fija 220113s2010 mx ad fsm 001 0 spa d
010 ## - NÚMERO DE CONTROL DE LA BIBLIOTECA DEL CONGRESO
Número de control de LC 169692
040 ## - FUENTE DE LA CATALOGACIÓN
Centro/agencia transcriptor CHAP
Centro catalogador/agencia de origen Z
090 ## - LOCALMENTE ASIGNADO TIPO-LC NÚMERO DE CLASIFICACIÓN (OCLC); NÚMERO DE CLASIFICACIÓN LOCAL (RLIN)
Número de clasificación (OCLC) (R) ; Numero de clasificación, CALL (RLIN) (NR) Tesis A48 2260
100 1# - ENTRADA PRINCIPAL--NOMBRE DE PERSONA
Nombre de persona Altunar Pablo, Jesús Elías
9 (RLIN) 4722
245 10 - MENCIÓN DE TÍTULO
Título Evaluación de la ruta crítica en la cadena productiva de pollo para engorda en GRUPESA - Chiapas /
Medio [En línea]
Mención de responsabilidad, etc. Jesús Elías Altunar Pablo
260 ## - PUBLICACIÓN, DISTRIBUCIÓN, ETC.
Lugar de publicación, distribución, etc. México :
Nombre del editor, distribuidor, etc. El autor,
Fecha de publicación, distribución, etc. 2010
300 ## - DESCRIPCIÓN FÍSICA
Extensión vi, 56 hojas :
Dimensiones
Otras características físicas diagramas, gráficas, tablas
502 ## - NOTA DE TESIS
Nota de tesis Tesis
Tipo de título (Ingeniero Agrónomo Especialista en Zootecnia) --
Nombre de la institución que otorga el título UACh. Departamento de Zootecnia,
Año de obtención del título 2010
504 ## - NOTA DE BIBLIOGRAFÍA, ETC.
Nota de bibliografía, etc. Bibliografía: h. 39 - 41
650 ## - PUNTO DE ACCESO ADICIONAL DE MATERIA--TÉRMINO DE MATERIA
Término de materia o nombre geográfico como elemento de entrada Cadena productiva
9 (RLIN) 144179
650 ## - PUNTO DE ACCESO ADICIONAL DE MATERIA--TÉRMINO DE MATERIA
Término de materia o nombre geográfico como elemento de entrada Conversión alimenticia
9 (RLIN) 144285
650 ## - PUNTO DE ACCESO ADICIONAL DE MATERIA--TÉRMINO DE MATERIA
Término de materia o nombre geográfico como elemento de entrada Pollo de engorda
9 (RLIN) 143271
700 1# - PUNTO DE ACCESO ADICIONAL--NOMBRE DE PERSONA
Nombre de persona Muñoz Rodríguez, Manrrubio, asesor
9 (RLIN) 144775
Código de función/relación asesor
700 1# - PUNTO DE ACCESO ADICIONAL--NOMBRE DE PERSONA
Nombre de persona Romero Márquez, Constantino, asesor
9 (RLIN) 144227
Código de función/relación asesor
700 1# - PUNTO DE ACCESO ADICIONAL--NOMBRE DE PERSONA
Nombre de persona González Alcorta, Mariano Jesús, director
9 (RLIN) 144549
Código de función/relación director
856 42 - LOCALIZACIÓN Y ACCESO ELECTRÓNICOS
Identificador Uniforme del Recurso <a href="http://10.13.5.2/tesis/111275.pdf">http://10.13.5.2/tesis/111275.pdf</a>
Texto de enlace Descargar PDF
901 ## - ELEMENTOS DE DATOS A LOCAL LDA (RLIN)
a TESIS A48 2260
902 ## - ELEMENTOS DE DATOS B LOCAL, LDB (RLIN)
a M
910 ## - DATOS DE OPCIÓN DEL USUARIO (OCLC)
Datos de opción del usuario 2010
942 ## - ELEMENTOS DE PUNTO DE ACCESO ADICIONAL (KOHA)
Tipo de ítem Koha Tesis_
Fuente del sistema de clasificación o colocación Dewey Decimal Classification
942 ## - ELEMENTOS DE PUNTO DE ACCESO ADICIONAL (KOHA)
Tipo de ítem Koha Tesis_
Fuente del sistema de clasificación o colocación Dewey Decimal Classification
Holdings
Estado de retiro Estado de pérdida Fuente del sistema de clasificación o colocación Estado dañado No para préstamo Código de colección Localización permanente Ubicación/localización actual Fecha de adquisición Fuente de adquisición Total de préstamos Signatura topográfica completa Código de barras Fecha visto por última vez Número de copia Precio válido a partir de Tipo de ítem Koha
    Clasificación Universidad Autónoma de Chapingo   Excluido de préstamo Tesis digitales de Licenciatura Zootecnia Zootecnia 22/04/2014 El autor   Tesis A48 2260 z_T 4014 18/01/2022 1 18/01/2022 CD
    Clasificación Universidad Autónoma de Chapingo   Excluido de préstamo Tesis digitales de Licenciatura Zootecnia Zootecnia 22/04/2014 El autor   Tesis A48 2260 z_T 4015 18/01/2022 2 18/01/2022 CD